| 000 -LEADER |
| fixed length control field |
00603cam a2200181 a 4500 |
| 020 ## - INTERNATIONAL STANDARD BOOK NUMBER |
| ISBN |
9813016310 (pbk.) |
| 020 ## - INTERNATIONAL STANDARD BOOK NUMBER |
| ISBN |
9813016329 (hard) |
| 040 ## - CATALOGING SOURCE |
| Transcribing agency |
DLC |
| 082 ## - DEWEY DECIMAL CLASSIFICATION NUMBER |
| Classification number |
305 INS 1992 A065 Co. |
| 100 1# - MAIN ENTRY--AUTHOR NAME |
| Personal name |
Koninck, Rodolphe de. |
| 245 10 - TITLE STATEMENT |
| Title |
Malay peasants coping with the world : |
| Remainder of title |
breaking the community circle? / |
| 260 ## - PUBLICATION, DISTRIBUTION, ETC. (IMPRINT) |
| Place of publication |
Pasir Panjang, Singapore : |
| Name of publisher |
Institute of Southeast Asian Studies, |
| Year of publication |
c1992. |
| 300 ## - PHYSICAL DESCRIPTION |
| Number of Pages |
xv, 284 p. : |
| Other physical details |
ill., maps ; |
| Dimensions |
26 cm. |
| 490 1# - SERIES STATEMENT |
| Series statement |
Social issues in Southeast Asia / Institute of Southeast Asian Studies |
| 650 #0 - SUBJECT ADDED ENTRY--TOPICAL TERM |
| Topical Term |
Farmers |
| 650 #0 - SUBJECT ADDED ENTRY--TOPICAL TERM |
| Topical Term |
Farmers |
| 942 ## - ADDED ENTRY ELEMENTS (KOHA) |
| Koha item type |
សៀវភៅភាសាអង់គ្លេស |
| 952 ## - LOCATION AND ITEM INFORMATION (KOHA) |
| Withdrawn status [LOCAL, KOHA] |
0 |